00803 2200241 4500001002100000005001500021035002000036007000300056008004100059020001800100082000800118084001400126100001900140245004600159300003800205520016400243264004400407336002100451337003000472338002300502600002000525990001600545INLIS00000000000000220260423093010 a0010-0426000001ta260423 e 1 ind  a9786235953984 a899 a899 LIS g0 aLisePengarang1 aGaluh yang datang kembali /cPenulis, Lis a240 Halaman :bIlustrasi ;c20 cm aEmpat remaja perempuan dari kota berbeda di Jawa Barat, Roexa. Jec, Jessie dan alice, dihantui oleh mimpi yang sama setiap bulan sejak mereka berusia 17 tahun. aDepok :bPT Akad Media Cakrawala,c2024 2rdacontentaTeks 2rdamediaaTanpa Perantara 2rdacarrieraVolume 4aFiksi Indonesia aPP000003/25